MARC details
| 000 -LÍDER |
| campo de controle de tamanho fixo |
01290naa a22003617a 4500 |
| 001 - NÚMERO DE CONTROLE |
| campo de controle |
BR8502175 |
| 003 - IDENTIFICADOR DO NÚMERO DE CONTROLE |
| campo de controle |
BR-BrBNA |
| 005 - DATA E HORÁRIO DA ÚLTIMA TRANSAÇÃO |
| campo de controle |
20240918175605.0 |
| 007 - CAMPO FIXO DE DESCRIÇÃO FÍSICA--INFORMAÇÃO GERAL |
| campo de controle de tamanho fixo |
ta |
| 008 - CAMPO DE DADOS FIXOS--INFORMAÇÃO GERAL |
| campo de controle de tamanho fixo |
230509b bl.||||| |||| 00| 0 por d |
| 040 ## - FONTE DA CATALOGAÇÃO |
| Instituição da catalogação original |
BR-BrBNA |
| Idioma da catalogação |
por |
| Instituição que transcreveu o registro |
Biblioteca Nacional de Agricultura |
| 041 ## - CÓDIGO DE IDIOMA |
| Código do idioma do texto/trilha sonora ou título diferente |
(Pt) |
| 072 ## - CÓDIGO DE CATEGORIA DE ASSUNTO |
| Código de Categoria de Assunto |
J15 |
| Código do objeto |
3385 |
| 090 ## - NÚMERO DE CHAMADA LOCAL |
| Número de chamada |
J15 BR8502175 |
| 100 1# - ENTRADA PRINCIPAL--NOME PESSOAL |
| Nome pessoal |
Castro, C.E.F. de |
| 100 1# - ENTRADA PRINCIPAL--NOME PESSOAL |
| Nome pessoal |
Vidigal, J.C. |
| 100 1# - ENTRADA PRINCIPAL--NOME PESSOAL |
| Nome pessoal |
Garcia, J.L.M. |
| 111 1# - ENTRADA PRINCIPAL--NOME DO EVENTO |
| Nome do evento ou lugar |
1. Congresso Brasileiro de Floricultura e Plantas Ornamentais |
| Local do evento |
Campinas, SP (Brazil) |
| Data do evento ou assinatura do tratado |
30 Jun - 4 Jul 1980 |
| 245 1# - TÍTULO |
| Título |
Efeito de sacarose e do nitrato de prata na durabilidade de rosas cultivar Pascali [Rosa spp.] |
| 260 3# - PUBLICAÇÃO, DISTRIBUIÇÃO, ETC. |
| Local de publicação, distribuição, etc. |
Campinas, SP (Brasil): |
| Data da publicação, distribuição, etc. |
1985. |
| 500 ## - NOTA GERAL |
| Nota geral |
Anais do 1. Congresso Brasileiro de Floricultura e Plantas Ornamentais<br/>Campinas, SP (Brasil): 1985. p. 161-177<br/>(BR8502175-AM)J15<br/> |
| 650 ## - ASSUNTO--TERMO TÓPICO |
| Cabeçalho tópico ou nome geográfico |
ROSA |
| 650 ## - ASSUNTO--TERMO TÓPICO |
| Cabeçalho tópico ou nome geográfico |
VARIEDADE |
| 650 ## - ASSUNTO--TERMO TÓPICO |
| Cabeçalho tópico ou nome geográfico |
POS-COLHEITA |
| 650 ## - ASSUNTO--TERMO TÓPICO |
| Cabeçalho tópico ou nome geográfico |
PRESERVATIVO |
| 650 ## - ASSUNTO--TERMO TÓPICO |
| Cabeçalho tópico ou nome geográfico |
SACAROSE |
| 650 ## - ASSUNTO--TERMO TÓPICO |
| Cabeçalho tópico ou nome geográfico |
NITRATO DE PRATA |
| 650 ## - ASSUNTO--TERMO TÓPICO |
| Cabeçalho tópico ou nome geográfico |
TRATAMENTO |
| 650 ## - ASSUNTO--TERMO TÓPICO |
| Cabeçalho tópico ou nome geográfico |
LONGEVIDADE |
| 773 0# - ENTRADA ANALÍTICA |
| Título |
Anais do 1. Congresso Brasileiro de Floricultura e Plantas Ornamentais |
| Número de controle do registro |
J15 BR8502175 |
| Partes relacionadas |
Campinas, SP (Brasil), 1985. p. 161-177 |
| 909 ## - |
| -- |
202404 |
| -- |
Lucia |
| -- |
55 |
| -- |
Lucia Elande |
| 942 ## - ELEMENTOS DE ENTRADA ADICIONADOS (KOHA) |
| Tipo de material Koha |
Capítulo-Livro |
| Fonte da classificação ou esquema de arquivamento na estante |
Classificação AGRIS |